01383cam a2200385 a 45000010005000000030006000050050017000110080041000280100017000690200028000860200018001140200025001320200025001570200022001820400018002040420014002220500016002360820012002521000020002642450098002842600054003823000059004364900036004955000062005315000083005935050007006765200153006835210018008365210018008546500033008726500024009056500019009296510021009487000028009696309FISKH20250714102053.0100306s2009 dcua j 000 1 eng d a 2010285300 a9781426304835 (library) a9781426304828 a1426304838 (library) a9781426304828 (pbk.) a142630482X (pbk.) aEYPcEYPbeng alccopycat aPZ7.H6517 T a813.54 1 aMarsh, Laura F.10aHow does your garden grow? /cbased on the teleplay by Kim Segal ; adapted by Laura F. Marsh. aWashington :bNational Geographic Society,c2009. a22 unnumbered pages : bcolor illustrations ; c21 cm 0 aNational Geographic little kids a"Based on the television show Toot & Puddle"--T.p. verso. a"Characters based on the original series created by Holly Hobbie"--T.p. verso. aN  aPuddle recruits Opal to help him plant a garden, while Toot heads off to Mexico, promising to bring home a vegetable they have never planted before.8 a590 bLexile 8 aN bRaz-Plus  0aGardeningvJuvenile fiction. 1aGardeningvFiction. 1aPigsvFiction. 1aMexicovFiction.1 aHobbie, Holly.eAuthor